Statistics for They Had the Same Last Name

Click here to take the quiz!

General Stats

  • This quiz has been taken 15,266 times
  • The average score is 10 of 18

Answer Stats

PeopleAnswer% Correct
Best-selling horror author / #1 female tennis player in 1972Stephen & Billie Jean King
88%
Person who made a giant leap in 1969 / New Orleans jazz musicianNeil & Louis Armstrong
82%
"The Queen of Soul" / Inventor of the bifocalsAretha & Ben Franklin
74%
Actress from "Transformers" / Actor with Parkinson's diseaseMegan & Michael J. Fox
72%
First winner of "American Idol" / Controversial "Top Gear" hostKelly & Jeremy Clarkson
67%
Transgender reality TV star / Inventor of the smallpox vaccineCaitlyn & Edward Jenner
66%
Singer of "Teenage Dream" / Sitcom star who drowned in 2023Katy & Matthew Perry
66%
Star who has a statue in Hong Kong / Director who calls his films "joints"
Bruce & Spike Lee
63%
Track star from 1984 / Creator of the Narnia seriesCarl & C.S. Lewis
57%
One-armed admiral / Red-headed Texan who sang "On the Road Again"Horatio & Willie Nelson
55%
Mel Gibson's partner in "Lethal Weapon" / Rapper known as Childish GambinoDanny & Donald Glover
54%
Singer who died of an overdose in 2012 / First President of TexasWhitney & Sam Houston
49%
Nebraska resident worth over $100 billion / "Margaritaville" singerWarren & Jimmy Buffett
48%
Star of "The Remains of the Day" / Namesake of Baltimore's top med schoolAnthony & Johns Hopkins
41%
Director of "Apollo 13" / Beheaded fifth wife of Henry VIIIRon & Catherine Howard
39%
Biggest tycoon of the 1920s / Only U.S. President from MichiganHenry & Gerald R. Ford
37%
Guggenheim museum architect / Ex-wife of Sean PennFrank Lloyd & Robin Wright
28%
British lord who developed a logical basis for mathematics /
Star of "Escape From New York"
Bertrand & Kurt Russell
26%

Score Distribution

Percentile by Number Answered

Percent of People with Each Score

Your Score History

You have not taken this quiz